Регионална библиотека "Любен Каравелов" - Русе

Kommt, Wir spielen, singen und lernen (Запис номер 5623)

MARC детайли
000 -Лидер
Контролно поле с фиксирана дължина 01362nam a2200361 c 4500
003 - Код на организацията, давaща контролен номер
Контролно поле BLK
005 - Дата и час на последна редакция
Контролно поле 20250103135431.0
008 - Елементи от данни с фиксирана дължина
fixed length control field 180412b bul|||||r ||||||| ||bul||
010 ## - Наследен системен номер
LC control number KNG00006820000
020 ## - Международен стандартен номер на книга ISBN
Международен стандартен номер на книга ISBN 954-01-0272-3
040 ## - Източник на каталожния запис
Идентификатор на билиотеката - собственик на записа BLK
041 ## - Код за език
Код за езика на текст/звукозапис или на отделно заглавие Немски
Код за езика КДБФ Немски
080 ## - УДК
Текстов определител УДК Немски език - учебни предмети
УДК код - определител по УДК 373.3.016:811.112.2
УДК определител (075.2)
УДК - код + определител 373.3.016:811.112.2(075.2)
100 1# - Редна дума - Автор
Автор Zlatanova, Gizela
Авторска отговорност първи автор
R(LIN) 28824
139 ## - Редно поле
Редна дума Zlatanova, Gizela
Авторски знак Zl - Z 78
245 10 - Сведения за заглавието
Заглавие Kommt, Wir spielen, singen und lernen
Подзаглавни данни Ein Lesebuch fur kleine Deutschlerner : За V - VI кл.
Редно поле (дума) Gizela Zlatanova.
257 ## - Страна на издаване
Страна на създаване/издаване България
260 ## - Област на издателските данни
Име на издателя, разпространителя и проч. Prosveta
Година на издаване 1995
Печатница Русе : Дунав прес
300 ## - Физическа характеристика
Страници 144 с.
Илюстрации и др. с цв. ил.
Размери/Мащаб 21 см
380 ## - Жанр
Жанр Обществени науки
500 ## - Общи забележки
Забележка Авт. не е отбелязана на кор. ; Пълното име на авт. е Гизела Гаугер-Златанова ; 5 070 тир.
650 #4 - Допълнително описание по предмет – тема
Основно описание – тема или топоним Немски език - за деца - учебни помагала
9 (RLIN) 250321
653 ## - Ключова дума – ненормативна
Ключова дума немски език
653 ## - Ключова дума – ненормативна
Ключова дума деца
653 ## - Ключова дума – ненормативна
Ключова дума учебни помагала
852 ## - Местоположение
Форматна сигнатура Цб 182420
856 4# - Електронен адрес и достъп
Електронен формат pdf - файл
Път до файла /url/
856 4# - Електронен адрес и достъп
Електронен формат pdf - файл
Път до файла /url/
942 ## - АРТИКУЛИ
Вид на библиотечния материал Книги
Скрит в OPAC Не
944 ## - СЪЗДАВАНЕ И РЕДАКЦИЯ на ЗАПИСА
Създаване/Редакция Създаване
Дата на регистрацията/редакция 15.01.2003
Служител, извършил регистрацията/редакцията 30556
Статус, дата на статуса Теодора Пейчева-Дянкова
944 ## - СЪЗДАВАНЕ И РЕДАКЦИЯ на ЗАПИСА
Създаване/Редакция Редакция
Дата на регистрацията/редакция 11.11.2003
999 ## - СИСТЕМНИ КОНТРОЛНИ НОМЕРА
Koha biblionumber 5623
Koha biblioitemnumber 5623
999 ## - СИСТЕМНИ КОНТРОЛНИ НОМЕРА
Koha biblioitemnumber 5623
Наличности
Код за отписване Код за изгубен артикул Източник на класификационната схема Код за повреда Коз за рестрикции Код за отдаване Артикулен № Име на библиотеката - собственик Име на библиотеката, в която се намира в момента Статус (Текущо местоположение) Дата на вписване в системата Местоположение - отдел Цена в лева Инвентарен номер Систематично азбучна сигнатура Баркод Номер на екземпляра Цена в евро Служебна бележка Служебен тип на артикула Бележка за публиката
  Не е изгубен Universal Decimal Classification Не е повреден без рестрикции заемане за дома 9942 Регионална библиотека "Любен Каравелов" Русе Регионална библиотека "Любен Каравелов" Русе ЧЧЗО - англ. ез. - Британски съвет 2001-01-01 ЧЧЗО - англ. ез. - Британски съвет 0.00 610872 Ч3 373.3.016:811.112.2/Z 78 G 120000610872 1 0.00 Дост: Pk Вид: Ф N: стар фонд Дата: 01.01.2001 Дата инв: 19.03.2015 Бележки инв: Ч32015 Книги  
Изтеглен Не е изгубен   Не е повреден без рестрикции заемане за дома 9943 Регионална библиотека "Любен Каравелов" Русе Регионална библиотека "Любен Каравелов" Русе   2001-01-01 Детски отдел 0.87 610873 ДН 372.65:803.0/Z 78 610873 2 0.44 Дост: Pk Вид: Ф N: стар фонд Дата: 01.01.2001 Дата инв: 30.09.2015 Бележки инв: Д2015 Книги Отч.N: 48/17 , Дата: 06.10.2017
  Не е изгубен Universal Decimal Classification Не е повреден без рестрикции ползва се в читалня 9944 Регионална библиотека "Любен Каравелов" Русе Регионална библиотека "Любен Каравелов" Русе Хранилище 2001-01-01 Хранилище 0.87 611764 Цб 182420 120000611764 3 0.44 Дост: Dp Вид: Д N: стар фонд Дата: 01.01.2001 Дата инв: 04.12.2014 Бележки инв: Цб2014 Книги  
Vip Innovations Ltd, Rousse, Bulgaria 2025